000 00655nam a2200229Ia 4500
003 GCL
008 140319s9999 xx 000 0 ara d
040 _aGCL /
_cGCL
082 0 4 _aد
_b050
100 1 _aزهير الكرمى
245 1 0 _aالكون والثقوب السوداء (عالم المعرفة 17) /
_cزهير الكرمى
700 1 _aرؤوف وصفى
700 1 _aزهير الكومى
300 _a285 ص
490 _aعالم المعرفة
_v0
650 0 4 _aالنجوم
650 0 4 _aالفلك
650 0 4 _aالكون
650 0 4 _aالاجرام السماوية
650 0 4 _aالكون، وصف
942 _2ddc
_cBK
999 _c50273
_d50273